|
|
|
|
| LEADER |
00980nam a2200253 a 4500 |
| 001 |
1603947 |
| 008 |
090616s2002 enka b 001 0 eng d |
| 010 |
|
|
|a 94149824
|
| 020 |
|
|
|a 8172249101
|
| 040 |
|
|
|a Uk
|c Uk
|d UkNcU
|d DLC
|
| 082 |
0 |
0 |
|a 658.3
|2 20
|
| 100 |
1 |
|
|a Matthewman, Jim.
|
| 245 |
1 |
0 |
|a Human Resources effectiveness /
|c Jim Matthewman.
|
| 260 |
|
|
|a London ;
|a Delhi :
|b Institute of Personnel Management ;
|b Jaico Pub. House,
|c 2002.
|
| 300 |
|
|
|a xi, 147 p. :
|b ill.;
|c 25 cm.
|
| 490 |
|
0 |
|a [Developing strategies]
|
| 504 |
|
|
|a Includes bibliographical references (p. 141-142) and index.
|
| 541 |
1 |
|
|e 00011618
|
| 650 |
|
0 |
|a Personnel management.
|
| 650 |
|
0 |
|a Personnel departments.
|
| 650 |
|
0 |
|a Personnel management
|x Case studies.
|
| 852 |
4 |
|
|a Ayesha Abed Library
|j General Shelf.
|
| 999 |
|
|
|c 1741
|d 1741
|
| 952 |
|
|
|0 0
|1 0
|2 ddc
|4 0
|6 658_300000000000000_MAT_2002
|7 0
|9 1594
|a BRACUL
|b BRACUL
|c GEN
|d 2009-06-28
|g 195.00
|l 0
|o 658.3 MAT
|p 3010011618
|r 2009-06-28
|t 1
|v 390.00
|w 2009-06-28
|y BK
|